voc 7 espagnol - Statistiques

Statistiques générales
  • Ce quiz a été pris 19 fois
  • Le résultat moyen est 20 sur 35
Statistiques - réponses
Hint Réponse % Correct
là/là-bas allí
86%
l'autobus el autobús
86%
le directeur el director
86%
l'étudiant el estudiante
79%
il y a hay
79%
italien italiano
79%
americain americano
71%
le policier el policía
71%
la mère au foyer la ama de casa
71%
mécanicien mecánico
71%
médecin médico
71%
près de cerca de
64%
l'employé el empleado
64%
espagnole española
64%
l'hôtesse de l'air la azafata
64%
la gare la estación
64%
la journaliste la periodista
64%
loin lejos
64%
belge belga
57%
le banquier el banquero
57%
l'ingenieur el ingeniero
57%
le serveur el camarero
50%
le comptable el contable
50%
le vendeur el vendedor
50%
hollandais holandés
50%
l'infirmier el enfermero
43%
beaucoup d'auberges muchos albergues
43%
canadien canadiense
36%
ouvrière la obrera
36%
chef d'entreprise el empresario
29%
cool mola
29%
suisse suizo
29%
le secrétaire el secretatio
21%
portugais portugués
21%
le plombier el fontanero
7%
Aucun quiz correspondant
Distribution des résultats
% des personnes avec chaque résultat
Percentile par nombre de réponses
Votre historique - résultats
Vous n’avez pas pris ce quiz